MEAC College Football Teams - Statistics

General Stats
  • This quiz has been taken 72 times
  • The average score is 5 of 6
Answer Stats
School Team Name/Colors % Correct
Howard Bison
96%
Delaware State Hornets
91%
Norfolk State Spartans
87%
Morgan State Bears
76%
SC State Bulldogs
76%
NC Central Eagles
69%
No matching quizzes found
Score Distribution
Percent of People with Each Score
Percentile by Number Answered
Your Score History
You have not taken this quiz